|
|
|
|
| LEADER |
00000nab a2200000 a 4500 |
| 001 |
vtls009466217 |
| 003 |
SK-MaSNL |
| 005 |
20260303053022.0 |
| 008 |
140302c1974 xo |r|p|||||||000 b|slo |
| 015 |
|
|
|a SNBRB1974
|
| 038 |
|
|
|a SNKBUCL
|
| 040 |
|
|
|a SNKBUCL
|b slo
|c SNKBUCL
|e AACR2
|
| 041 |
|
|
|a slo
|
| 044 |
|
|
|a xo
|c SK
|
| 080 |
|
|
|a 78.071.2
|2 1997
|
| 100 |
1 |
|
|a Vakoš, Jozef
|4 aut
|9 373617
|
| 245 |
1 |
0 |
|a K päťdesiatinám Tibora Sedlického
|c Jozef Vakoš
|
| 600 |
1 |
7 |
|a Sedlický, Tibor,
|d 1924-2004
|2 snkbucl
|9 206840
|
| 773 |
0 |
|
|t Učiteľské noviny
|g Roč. 24, č. 14 (1974), s. 11
|
| 852 |
|
|
|a SNK
|b KIS3GCP
|
| 958 |
|
|
|a BX
|
| 999 |
|
|
|c 1717513
|d 1719443
|